Constitución política de los Estados Unidos Mexicanos

সংরক্ষণ করুন:
গ্রন্থ-পঞ্জীর বিবরন
বিন্যাস: গ্রন্থ
ভাষা:স্প্যানিশ
প্রকাশিত: Ciudad de México Porrua 1981
সংস্করন:60a. ed
মালা:Colección Porrua. Leyes y Códigos de México
বিষয়গুলি:
ট্যাগগুলো: ট্যাগ যুক্ত করুন
কোনো ট্যাগ নেই, প্রথমজন হিসাবে ট্যাগ করুন!

MARC

LEADER 00000nam a2200000 a 4500
001 UCI2085
003 CL-VaPUC
008 070803e19810000MX |||||||||||||||||spa|d
082 0 4 |a 342.72  |b CON  |2 21 
245 1 0 |a Constitución política de los Estados Unidos Mexicanos 
250 |a 60a. ed 
300 |a 112 p 
942 |c BK 
945 |d 20070803 00:00:00  |a rbrito 
260 |a Ciudad de México  |b Porrua  |c 1981 
650 0 |a Constitución política  |9 336925 
651 0 |a México  |9 255269 
583 |a last modification  |c 20070803 00:00:00  |k Rodrigo Vera 
490 0 |a Colección Porrua. Leyes y Códigos de México 
999 |c 326732  |d 326730 
952 |0 0  |1 0  |4 0  |6 342_720000000000000_CON_1981  |7 0  |8 A  |9 408846  |a BIBDER  |b BIBDER  |d 2019-11-22  |i 4123328  |o 342.72 CON 1981  |p 4123328  |r 2023-01-25  |w 2019-11-22  |y BK  |k DER